L'Informatique revolution totale

Saved in:
Bibliographic Details
Main Author: Garric, Daniel
Format: Book
Language:Undetermined
Published: Paris Jacques Lanzmann 1969
Subjects:
Tags: Add Tag
No Tags, Be the first to tag this record!
Institutions: Trung tâm Học liệu Trường Đại học Cần Thơ
LEADER 00473nam a2200181Ia 4500
001 CTU_77371
008 210402s9999 xx 000 0 und d
082 |a 384 
082 |b G241 
100 |a Garric, Daniel 
245 0 |a L'Informatique revolution totale 
245 0 |c Jacques Lanzmann 
260 |a Paris 
260 |b Jacques Lanzmann 
260 |c 1969 
650 |a Informations 
904 |i Trọng Hải 
980 |a Trung tâm Học liệu Trường Đại học Cần Thơ